[Event "Ñóïåðôèíàë 65-ãî ×åìïèîíàòà Òþìåíñêîé îáëàñòè"]
[Site "ã.Òþìåíü"]
[Date "2010.12.26"]
[Round "11"]
[White "Êîïûëîâ Àëåêñàíäð À."]
[Black "Ñåðãååâ Âåíèàìèí"]
[Result "1-0"]
[WhiteElo "2459"]
[BlackElo "2411"]
[Annotator ""]
[Source ""]
[Remark ""]

1.d4 c5 2.d5 Nf6 3.Nf3 g6 4.Nc3 Bg7 5.e4 d6 6.Bb5+ Bd7 7.a4 O-O
8.O-O Bg4 9.Be2 e5 10.Nd2 Bxe2 11.Qxe2 Nbd7 12.a5 a6 13.Nc4 Ne8
14.Be3 f5 15.f3 f4 16.Bf2 h5 17.Rfb1 Rc8 18.b4 g5 19.b5 g4 20.bxa6
bxa6 21.Rb7 g3 22.hxg3 fxg3 23.Bxg3 Qg5 24.Be1 Ndf6 25.Ne3 Rc7
26.Rxc7 Nxc7 27.Nf5 Kh7 28.Qd2 Qg6 29.Rb1 Nfe8 30.Rb7 Bf6 31.Qe2
Rf7 32.Bf2 Bg5 33.Rb6 Rf6 34.Qd3 Ng7 35.Rc6 Nge8 36.Nd1 Qf7 37.c4
Rg6 38.Qc2 Bf4 39.Bh4 Bg5 40.Bxg5 Rxg5 41.Nde3 Rg6 42.Qb2 Qd7
43.Qb7 Kh8 44.Kf2 Qd8 45.Qb1 Ng7 46.Nxg7 Rxg7 47.Nf5 Rd7 48.Qc1
Ne8 49.Qh6+ Kg8 50.Qg6+ Kf8 51.Qxh5 Qxa5 52.Qh8+ Kf7 53.Qh7+
Kf8 54.Qh6+ Rg7 55.Nxg7 Nxg7 56.Rxd6 1-0